| 000 | 00401nam a2200157Ia 4500 | ||
|---|---|---|---|
| 008 | 210716s2007 xx 000 0 und d | ||
| 020 | _a9788126512072 | ||
| 041 | _aeng | ||
| 082 | _a005.3003 WEMF | ||
| 100 | _aWempen, Faithe. | ||
| 245 | _aPower point 2007 bible. | ||
| 250 | _a1 | ||
| 260 |
_aNew Delhi _bWiley India Pvt Ltd _c2007 |
||
| 300 | _axxix,801 | ||
| 650 | _aMicrosoft Windows(005.269) | ||
| 999 |
_c188525 _d188525 |
||